[Event "Titled Tuesday intern op 26th Oct"]
[Site "Chess.com INT"]
[Date "2021.10.26"]
[Round "5"]
[White "Von Buelow, Georg"]
[Black "Akbarinia, Sayed Arash"]
[Result "1-0"]
[WhiteElo "2361"]
[BlackElo "2377"]
[PlyCount "43"]
[EventDate "2021.10.26"]
[EventType "swiss (blitz)"]
[EventRounds "11"]
[EventCountry "USA"]
[SourceTitle "CBM 204 Extra"]
[Source "ChessBase"]
[SourceDate "2021.11.30"]
[SourceVersion "1"]
[SourceVersionDate "2021.11.30"]
[SourceQuality "1"]

1. e4 c6 2. d4 d5 3. e5 Bf5 4. h4 h5 5. Bg5 Qb6 6. Bd3 Bxd3 7. Qxd3 Qxb2 8. e6 Qxa1 9. Qb3 b5 10. Nf3 a5 11. 0-0 a4 12. exf7+ Kxf7 13. Ne5+ Ke8 14. Qh3 Kd8 15. Nf7+ Kc7 16. Bf4+ Kb7 17. Nd8+ Kb6 18. Qc8 Ka5 19. Bxb8 Kb4 20. Nxc6+ Kc4 21. Nd2+ Kc3 22. Rxa1 1-0

[Event "Oberliga Ost-B 1920"]
[Site "Germany"]
[Date "2021.07.18"]
[Round "11.4"]
[White "Di Capua, Francesco Stefano"]
[Black "Akbarinia, Sayed Arash"]
[Result "1/2-1/2"]
[WhiteElo "1956"]
[BlackElo "2374"]
[PlyCount "75"]
[EventDate "2019.09.29"]
[EventType "team-tourn"]
[EventRounds "11"]
[EventCountry "GER"]
[SourceTitle "EXT 2023"]
[Source "ChessBase"]
[SourceDate "2022.10.05"]
[SourceVersion "1"]
[SourceVersionDate "2022.10.05"]
[SourceQuality "1"]
[WhiteTeam "Gernsheim"]
[BlackTeam "Oberursel"]
[WhiteTeamCountry "GER"]
[BlackTeamCountry "GER"]

1. e4 c6 2. Nf3 d5 3. exd5 cxd5 4. Ne5 Nc6 5. d4 Nf6 6. Bb5 Qb6 7. c4 e6 8. Nc3 Bb4 9. Qa4 Bd7 10. Nxd7 Nxd7 11. cxd5 exd5 12. 0-0 Bxc3 13. bxc3 0-0 14. Rb1 Qc7 15. Qb3 Nb6 16. Bd3 Na5 17. Qc2 g6 18. Bh6 Rfe8 19. Rfe1 Nac4 20. Qc1 Rxe1+ 21. Qxe1 Qc6 22. Qe7 Re8 23. Qg5 Nd7 24. h4 Nd6 25. h5 Ne4 26. Bxe4 dxe4 27. Qa5 b6 28. d5 Qc5 29. Qxa7 Qxd5 30. Qa4 Ra8 31. Rd1 Rxa4 32. Rxd5 Ra7 33. Kf1 f6 34. hxg6 hxg6 35. Be3 Kf7 36. Rd4 g5 37. Rxe4 Rxa2 38. Rb4 1/2-1/2

[Event "Titled Tuesday intern op 26th Jan"]
[Site "Chess.com INT"]
[Date "2021.01.26"]
[Round "4"]
[White "Akbarinia, Sayed Arash"]
[Black "Bures, Vit"]
[Result "1-0"]
[WhiteElo "2379"]
[BlackElo "2119"]
[PlyCount "77"]
[EventDate "2021.01.26"]
[EventType "swiss (blitz)"]
[EventRounds "11"]
[EventCountry "USA"]
[SourceTitle "CBM 200 Extra"]
[Source "ChessBase"]
[SourceDate "2021.03.31"]
[SourceVersion "1"]
[SourceVersionDate "2021.03.31"]
[SourceQuality "1"]

1. e4 e5 2. Nf3 Nc6 3. Bb5 a6 4. Ba4 Nf6 5. 0-0 Be7 6. Re1 b5 7. Bb3 0-0 8. h3 Bb7 9. c3 d5 10. d3 dxe4 11. dxe4 Qxd1 12. Bxd1 h6 13. Bc2 Bd6 14. Nbd2 Nb8 15. a4 Nbd7 16. Nb3 Nb6 17. Na5 Bc8 18. b3 Be6 19. Ba3 bxa4 20. bxa4 Nc4 21. Nxc4 Bxc4 22. Bxd6 cxd6 23. Red1 Rfd8 24. Rab1 Rab8 25. Rxb8 Rxb8 26. Rxd6 Rb2 27. Nxe5 Rxc2 28. Nxc4 Nxe4 29. Rxa6 Rc1+ 30. Kh2 Rxc3 31. Nd6 Nxf2 32. Ra8+ Kh7 33. Nxf7 Nd3 34. a5 Ra3 35. a6 Kg6 36. Nd6 Nc5 37. a7 Nd7 38. Nb5 Nb6 39. Rb8 1-0

[Event "Titled Tuesday intern op 26th Jan"]
[Site "Chess.com INT"]
[Date "2021.01.26"]
[Round "1"]
[White "Akbarinia, Sayed Arash"]
[Black "Yoo, Christopher Woojin"]
[Result "0-1"]
[WhiteElo "2379"]
[BlackElo "2455"]
[PlyCount "52"]
[EventDate "2021.01.26"]
[EventType "swiss (blitz)"]
[EventRounds "11"]
[EventCountry "USA"]
[SourceTitle "CBM 200 Extra"]
[Source "ChessBase"]
[SourceDate "2021.03.31"]
[SourceVersion "1"]
[SourceVersionDate "2021.03.31"]
[SourceQuality "1"]

1. Nf3 Nf6 2. c4 e6 3. g3 d5 4. Bg2 Be7 5. d4 0-0 6. Nbd2 c5 7. 0-0 Nc6 8. dxc5 Bxc5 9. a3 Ne4 10. b4 Qf6 11. Nxe4 dxe4 12. Bg5 Qg6 13. Nd2 Bd4 14. Be3 Bxa1 15. Bxe4 f5 16. Bxc6 bxc6 17. Qxa1 f4 18. Bc5 Rd8 19. Nf3 Ba6 20. Ne5 Qe4 21. Rc1 Rd2 22. e3 fxg3 23. hxg3 Rad8 24. a4 Rxf2 25. Kxf2 Rd2+ 26. Ke1 Qg2 0-1

[Event "Titled Tuesday intern op 26th Jan"]
[Site "Chess.com INT"]
[Date "2021.01.26"]
[Round "8"]
[White "Grabinsky, Vladimir"]
[Black "Akbarinia, Sayed Arash"]
[Result "1-0"]
[WhiteElo "2219"]
[BlackElo "2379"]
[PlyCount "55"]
[EventDate "2021.01.26"]
[EventType "swiss (blitz)"]
[EventRounds "11"]
[EventCountry "USA"]
[SourceTitle "CBM 200 Extra"]
[Source "ChessBase"]
[SourceDate "2021.03.31"]
[SourceVersion "1"]
[SourceVersionDate "2021.03.31"]
[SourceQuality "1"]

1. e4 c6 2. d4 d5 3. e5 Bf5 4. Nf3 e6 5. Be2 Ne7 6. 0-0 c5 7. c4 Nbc6 8. dxc5 dxc4 9. Na3 Nd5 10. Nxc4 Bxc5 11. Bg5 Qc7 12. Rc1 0-0 13. a3 a5 14. Qa4 Rfc8 15. Qb5 b6 16. Rfd1 Na7 17. Qa6 Qc6 18. Nd6 Nc7 19. Qc4 Rf8 20. Be7 Nd5 21. Bxf8 Rxf8 22. Nxf5 exf5 23. Qxd5 Qg6 24. Rxc5 bxc5 25. Qxc5 Nc8 26. Qc7 f4 27. Rd8 Qb1+ 28. Bf1 1-0

[Event "Titled Tuesday intern op 26th Jan"]
[Site "Chess.com INT"]
[Date "2021.01.26"]
[Round "2"]
[White "Perestjuk, Marko"]
[Black "Akbarinia, Sayed Arash"]
[Result "0-1"]
[WhiteElo "2160"]
[BlackElo "2379"]
[PlyCount "50"]
[EventDate "2021.01.26"]
[EventType "swiss (blitz)"]
[EventRounds "11"]
[EventCountry "USA"]
[SourceTitle "CBM 200 Extra"]
[Source "ChessBase"]
[SourceDate "2021.03.31"]
[SourceVersion "1"]
[SourceVersionDate "2021.03.31"]
[SourceQuality "1"]

1. e4 c6 2. d4 d5 3. exd5 cxd5 4. Bd3 Nc6 5. c3 g6 6. Ne2 Bg7 7. 0-0 Nf6 8. Nd2 0-0 9. h3 Bf5 10. Bxf5 gxf5 11. Nf3 Ne4 12. Bf4 e6 13. Qb3 Qe7 14. Rfd1 Rfc8 15. Ne5 Nxe5 16. Bxe5 Bxe5 17. dxe5 Qg5 18. g3 Kh8 19. Qxb7 Rab8 20. Qd7 Rg8 21. b3 f4 22. g4 f3 23. Nd4 Qh4 24. Qxf7 Qxf2+ 25. Kh1 Qg2# 0-1

[Event "Titled Tuesday intern op 26th Jan"]
[Site "Chess.com INT"]
[Date "2021.01.26"]
[Round "6"]
[White "Trakru, Rohun"]
[Black "Akbarinia, Sayed Arash"]
[Result "1-0"]
[WhiteElo "1775"]
[BlackElo "2379"]
[PlyCount "129"]
[EventDate "2021.01.26"]
[EventType "swiss (blitz)"]
[EventRounds "11"]
[EventCountry "USA"]
[SourceTitle "CBM 200 Extra"]
[Source "ChessBase"]
[SourceDate "2021.03.31"]
[SourceVersion "1"]
[SourceVersionDate "2021.03.31"]
[SourceQuality "1"]

1. d4 d5 2. Bf4 e6 3. e3 Bd6 4. Nf3 Ne7 5. c4 c6 6. Nc3 Ng6 7. Bg3 0-0 8. Bd3 Qe7 9. e4 dxc4 10. Bxc4 e5 11. d5 c5 12. 0-0 Nd7 13. Re1 Nf6 14. Nh4 Ne8 15. Nf5 Qf6 16. Nxd6 Nxd6 17. Bf1 Nf4 18. Ne2 Re8 19. f3 Bd7 20. Qc2 b6 21. Qc3 Qg5 22. Qc1 Nxe2+ 23. Bxe2 Qxc1 24. Raxc1 g5 25. h4 h6 26. hxg5 hxg5 27. Kf2 Kg7 28. Rh1 f6 29. Rh2 Rh8 30. Rch1 Rxh2 31. Rxh2 Kg6 32. Ke3 Rc8 33. b3 b5 34. Rh1 c4 35. bxc4 bxc4 36. Rc1 Bb5 37. Be1 a6 38. Bb4 Ne8 39. a4 Bxa4 40. Rxc4 Rxc4 41. Bxc4 Bb5 42. Bb3 f5 43. d6 Nf6 44. exf5+ Kxf5 45. g4+ Kg6 46. Bc3 Bd7 47. Bxe5 Ne8 48. Bg3 a5 49. Kd4 a4 50. Ba2 Kf6 51. Be5+ Kg6 52. Kc5 Nf6 53. Kb6 Ne8 54. Kb7 Bb5 55. Kc8 Nxd6+ 56. Bxd6 Bd3 57. Bd5 Bc2 58. Be4+ Bxe4 59. fxe4 Kf7 60. Kd7 Kf6 61. e5+ Kg6 62. e6 a3 63. Bxa3 Kh6 64. e7 Kg6 65. e8Q+ 1-0

[Event "Titled Tuesday intern op 12th Jan"]
[Site "Chess.com INT"]
[Date "2021.01.12"]
[Round "7"]
[White "Carroll, Peter"]
[Black "Akbarinia, Sayed Arash"]
[Result "1-0"]
[WhiteElo "2031"]
[BlackElo "2379"]
[PlyCount "31"]
[EventDate "2021.01.12"]
[EventType "swiss (blitz)"]
[EventRounds "11"]
[EventCountry "USA"]
[SourceTitle "CBM 200 Extra"]
[Source "ChessBase"]
[SourceDate "2021.03.31"]
[SourceVersion "1"]
[SourceVersionDate "2021.03.31"]
[SourceQuality "1"]

1. d4 Nf6 2. Nc3 g6 3. e4 d6 4. f4 Bg7 5. Nf3 0-0 6. Bd3 c5 7. dxc5 dxc5 8. e5 Nd5 9. Nxd5 Qxd5 10. Qe2 Nc6 11. Be4 Nd4 12. Bxd5 Nxe2 13. Kxe2 Rb8 14. a3 b5 15. Be3 c4 16. Bxa7 1-0

[Event "Titled Tuesday intern op 12th Jan"]
[Site "Chess.com INT"]
[Date "2021.01.12"]
[Round "1"]
[White "Khusnutdinov, Rustam"]
[Black "Akbarinia, Sayed Arash"]
[Result "1-0"]
[WhiteElo "2484"]
[BlackElo "2379"]
[PlyCount "53"]
[EventDate "2021.01.12"]
[EventType "swiss (blitz)"]
[EventRounds "11"]
[EventCountry "USA"]
[SourceTitle "CBM 200 Extra"]
[Source "ChessBase"]
[SourceDate "2021.03.31"]
[SourceVersion "1"]
[SourceVersionDate "2021.03.31"]
[SourceQuality "1"]

1. d4 d5 2. c4 e6 3. Nf3 Nf6 4. g3 Be7 5. Bg2 0-0 6. 0-0 dxc4 7. Ne5 Nc6 8. Bxc6 bxc6 9. Nxc6 Qd6 10. Nxe7+ Qxe7 11. Na3 e5 12. dxe5 Qxe5 13. Nxc4 Qh5 14. f3 Qc5+ 15. Ne3 Re8 16. Qc2 Qxc2 17. Nxc2 Rxe2 18. Rf2 Re5 19. Bf4 Rc5 20. Be3 Rc6 21. Nd4 Rc4 22. Rc1 Rxc1+ 23. Bxc1 c5 24. Nb5 a6 25. Nc7 Ra7 26. Rd2 h6 27. Rd8+ 1-0

[Event "Titled Tuesday intern op 29th Dec"]
[Site "Chess.com INT"]
[Date "2020.12.29"]
[Round "6"]
[White "Akbarinia, Sayed Arash"]
[Black "Djaparov, Medet"]
[Result "1-0"]
[WhiteElo "2379"]
[BlackElo "1730"]
[PlyCount "47"]
[EventDate "2020.12.29"]
[EventType "swiss (blitz)"]
[EventRounds "11"]
[EventCountry "USA"]
[SourceTitle "CBM 200 Extra"]
[Source "ChessBase"]
[SourceDate "2021.03.31"]
[SourceVersion "1"]
[SourceVersionDate "2021.03.31"]
[SourceQuality "1"]

1. e4 e5 2. Nf3 Nc6 3. Bb5 Nf6 4. 0-0 Nxe4 5. d4 Nd6 6. dxe5 Nxb5 7. a4 Nbd4 8. Nxd4 Nxd4 9. Qxd4 d6 10. Rd1 Be6 11. Nc3 Qd7 12. Bf4 g5 13. Bxg5 Bg7 14. Bf6 Bxf6 15. exf6 Qc6 16. Ne4 Rg8 17. c3 a6 18. b4 0-0-0 19. b5 axb5 20. axb5 Qxb5 21. Ra8+ Kd7 22. Nxd6 Qe2 23. Ne4+ Kc6 24. Qc5# 1-0

[Event "Titled Tuesday intern op 29th Dec"]
[Site "Chess.com INT"]
[Date "2020.12.29"]
[Round "3"]
[White "Akbarinia, Sayed Arash"]
[Black "Karavaeva, Olga"]
[Result "1-0"]
[WhiteElo "2379"]
[BlackElo "2260"]
[PlyCount "79"]
[EventDate "2020.12.29"]
[EventType "swiss (blitz)"]
[EventRounds "11"]
[EventCountry "USA"]
[SourceTitle "CBM 200 Extra"]
[Source "ChessBase"]
[SourceDate "2021.03.31"]
[SourceVersion "1"]
[SourceVersionDate "2021.03.31"]
[SourceQuality "1"]

1. e4 c5 2. Nf3 e6 3. c3 Nf6 4. d3 b6 5. g3 Bb7 6. Bg2 Nc6 7. 0-0 Be7 8. Qe2 d5 9. e5 Nd7 10. h4 Qc7 11. Re1 0-0-0 12. a4 a5 13. Na3 Ba6 14. Nb5 Bxb5 15. axb5 Na7 16. b4 cxb4 17. cxb4 Bxb4 18. Bd2 Bxd2 19. Qxd2 Kb8 20. Rec1 Qb7 21. Qg5 g6 22. Nd4 h6 23. Qf4 g5 24. hxg5 hxg5 25. Qxg5 Rdg8 26. Qe3 Rh5 27. Nc6+ Ka8 28. d4 Nxb5 29. Qe2 Na7 30. Nxa7 Kxa7 31. Qxh5 Nb8 32. Qe2 Nc6 33. Qd2 Rg4 34. Qc2 Nxd4 35. Qd1 Qa6 36. Qxg4 Ne2+ 37. Kh2 Nxc1 38. Rxc1 Qd3 39. Rc7+ Kb8 40. Rxf7 1-0

[Event "Titled Tuesday intern op 29th Dec"]
[Site "Chess.com INT"]
[Date "2020.12.29"]
[Round "8"]
[White "Homiakova, Elena"]
[Black "Akbarinia, Sayed Arash"]
[Result "0-1"]
[WhiteElo "2113"]
[BlackElo "2379"]
[PlyCount "116"]
[EventDate "2020.12.29"]
[EventType "swiss (blitz)"]
[EventRounds "11"]
[EventCountry "USA"]
[SourceTitle "CBM 200 Extra"]
[Source "ChessBase"]
[SourceDate "2021.03.31"]
[SourceVersion "1"]
[SourceVersionDate "2021.03.31"]
[SourceQuality "1"]

1. e4 c5 2. Nf3 d6 3. d4 cxd4 4. Nxd4 Nf6 5. Nc3 a6 6. Be2 e5 7. Nb3 Be7 8. 0-0 0-0 9. Kh1 Be6 10. f4 exf4 11. Bxf4 Nc6 12. a4 Ne5 13. Nd4 Qc7 14. Bg5 Rfe8 15. Nf5 Bxf5 16. Rxf5 Qc6 17. Bxf6 Bxf6 18. Rxf6 gxf6 19. Nd5 Re6 20. Qd2 Kg7 21. Rf1 Rae8 22. Bd3 Qc5 23. Ne3 Kh8 24. Nf5 Rg8 25. Qh6 Ng4 26. Qf4 Qe5 27. h3 Qxf4 28. Rxf4 Ne5 29. Nd4 Kg7 30. Nxe6+ fxe6 31. Rf2 Kf7 32. g4 Ke7 33. Kg2 h5 34. Kf1 hxg4 35. hxg4 Nxg4 36. Re2 Ne5 37. Rh2 Rg7 38. Rh8 Kd7 39. Rf8 Rf7 40. Rg8 Kc7 41. Re8 Kd7 42. Rg8 f5 43. exf5 Nxd3 44. cxd3 Rxf5+ 45. Ke2 Rf4 46. Rg7+ Kc6 47. Ke3 Rxa4 48. Re7 e5 49. Kd2 Rb4 50. Kc3 a5 51. Re8 Rd4 52. Rc8+ Kb5 53. Re8 b6 54. Rb8 a4 55. Ra8 Rb4 56. Rd8 Rb3+ 57. Kc2 Kc5 58. Rc8+ Kd4 0-1

[Event "Titled Tuesday intern op 29th Dec"]
[Site "Chess.com INT"]
[Date "2020.12.29"]
[Round "2"]
[White "Novikova, Galina"]
[Black "Akbarinia, Sayed Arash"]
[Result "1-0"]
[WhiteElo "2073"]
[BlackElo "2379"]
[PlyCount "65"]
[EventDate "2020.12.29"]
[EventType "swiss (blitz)"]
[EventRounds "11"]
[EventCountry "USA"]
[SourceTitle "CBM 200 Extra"]
[Source "ChessBase"]
[SourceDate "2021.03.31"]
[SourceVersion "1"]
[SourceVersionDate "2021.03.31"]
[SourceQuality "1"]

1. e4 c5 2. Nf3 d6 3. d4 cxd4 4. Nxd4 Nf6 5. Nc3 a6 6. h3 e5 7. Nde2 Be6 8. g4 Be7 9. Bg2 0-0 10. Ng3 Nc6 11. Be3 Qc7 12. g5 Nd7 13. h4 Nb6 14. Nd5 Bxd5 15. exd5 Nb8 16. 0-0 Nc4 17. Bc1 f5 18. gxf6 Bxf6 19. b3 Nb6 20. Bg5 N8d7 21. c4 a5 22. Qg4 a4 23. Ne4 Bxg5 24. Nxg5 Rf4 25. Qe6+ Kh8 26. Nf7+ Rxf7 27. Qxf7 Rf8 28. Qe7 Nc8 29. Qe6 Nc5 30. Qg4 Rf4 31. Qg3 Ne7 32. Rfe1 Nf5 33. Qxf4 1-0

[Event "Titled Tuesday intern op 15st Dec"]
[Site "Chess.com INT"]
[Date "2020.12.15"]
[Round "2"]
[White "Akbarinia, Sayed Arash"]
[Black "Buchenau, Frank"]
[Result "0-1"]
[WhiteElo "2379"]
[BlackElo "2317"]
[PlyCount "114"]
[EventDate "2020.12.15"]
[EventType "swiss (blitz)"]
[EventRounds "11"]
[EventCountry "USA"]
[SourceTitle "CBM 199 Extra"]
[Source "ChessBase"]
[SourceDate "2021.01.31"]
[SourceVersion "1"]
[SourceVersionDate "2021.01.31"]
[SourceQuality "1"]

1. e4 e6 2. d4 d5 3. Nd2 Nf6 4. e5 Nfd7 5. Ngf3 c5 6. c3 Nc6 7. Qb3 Be7 8. Be2 0-0 9. 0-0 Rb8 10. Re1 b5 11. Nf1 b4 12. Qd1 bxc3 13. bxc3 Qa5 14. Bd2 Qa3 15. Qc2 Ba6 16. Bxa6 Qxa6 17. Bg5 Rfc8 18. Bxe7 Nxe7 19. Qd2 cxd4 20. cxd4 Nb6 21. Qg5 Nf5 22. g4 h6 23. Qf4 Ne7 24. g5 Qd3 25. Ng3 hxg5 26. Nxg5 Qg6 27. h4 Nf5 28. h5 Qh6 29. Nxf5 exf5 30. Qxf5 Qxh5 31. Kg2 Rc6 32. Rh1 Qg6 33. Qf4 Nd7 34. Rag1 f6 35. Kf3 fxg5 36. Rxg5 Qe4+ 37. Qxe4 dxe4+ 38. Kxe4 Re8 39. Rhg1 Nf6+ 40. Kd3 Nd5 41. Rxg7+ Kh8 42. Rf7 Rh6 43. f4 Rg8 44. Ke4 Nc3+ 45. Kd3 Rh3+ 46. Kc4 Rxg1 47. f5 Rg8 48. f6 Ne4 49. e6 Rc3+ 50. Kd5 Ng5 51. Rd7 Ra3 52. f7 Ra5+ 53. Kd6 Nxf7+ 54. exf7 Rf8 55. Ke7 Kg7 56. Rd6 Rxf7+ 57. Ke6 Raf5 0-1

[Event "Titled Tuesday intern op 15st Dec"]
[Site "Chess.com INT"]
[Date "2020.12.15"]
[Round "10"]
[White "Akbarinia, Sayed Arash"]
[Black "Wagner, Dennis"]
[Result "0-1"]
[WhiteElo "2379"]
[BlackElo "2581"]
[PlyCount "52"]
[EventDate "2020.12.15"]
[EventType "swiss (blitz)"]
[EventRounds "11"]
[EventCountry "USA"]
[SourceTitle "CBM 199 Extra"]
[Source "ChessBase"]
[SourceDate "2021.01.31"]
[SourceVersion "1"]
[SourceVersionDate "2021.01.31"]
[SourceQuality "1"]

1. e4 e5 2. Nf3 Nc6 3. Bb5 a6 4. Ba4 Nf6 5. 0-0 Nxe4 6. d4 b5 7. Bb3 d5 8. dxe5 Be6 9. a4 b4 10. c3 Bc5 11. cxb4 Nxb4 12. Nc3 0-0 13. Ne2 Rb8 14. Nf4 Ba7 15. Nd4 Qd7 16. a5 c5 17. Ba4 Qc8 18. Nf3 c4 19. Nd4 Nd3 20. Nxd3 Bxd4 21. Nf4 Bxe5 22. Ne2 Bxb2 23. Bxb2 Rxb2 24. f3 Qc5+ 25. Qd4 Rxe2 26. Qxc5 Nxc5 0-1

[Event "Titled Tuesday intern op 15st Dec"]
[Site "Chess.com INT"]
[Date "2020.12.15"]
[Round "9"]
[White "Duarte, Leonardo"]
[Black "Akbarinia, Sayed Arash"]
[Result "0-1"]
[WhiteElo "2330"]
[BlackElo "2379"]
[PlyCount "108"]
[EventDate "2020.12.15"]
[EventType "swiss (blitz)"]
[EventRounds "11"]
[EventCountry "USA"]
[SourceTitle "CBM 199 Extra"]
[Source "ChessBase"]
[SourceDate "2021.01.31"]
[SourceVersion "1"]
[SourceVersionDate "2021.01.31"]
[SourceQuality "1"]

1. e4 c5 2. Nf3 d6 3. d4 cxd4 4. Nxd4 Nf6 5. Nc3 a6 6. Be2 e5 7. Nb3 Be7 8. 0-0 Be6 9. Be3 Nbd7 10. Qd3 Qc7 11. Nd5 Bxd5 12. exd5 0-0 13. c4 Nc5 14. Nxc5 dxc5 15. Bf3 Ne8 16. g3 Nd6 17. Bg2 f5 18. Rac1 b6 19. f4 e4 20. Qe2 Bf6 21. Rfd1 Qd7 22. b3 Rfc8 23. h3 g6 24. Rc2 a5 25. a3 Kf7 26. g4 Rg8 27. g5 Bg7 28. h4 h6 29. gxh6 Bxh6 30. Kf2 Rh8 31. Rh1 Bg7 32. h5 Qe7 33. Rcc1 Bf6 34. hxg6+ Kxg6 35. Rcg1 Rxh1 36. Rxh1 Rh8 37. Rxh8 Bxh8 38. b4 Qh4+ 39. Kg1 axb4 40. axb4 Bd4 41. Bxd4 cxd4 42. c5 bxc5 43. bxc5 Ne8 44. Qf2 Qg4 45. Qxd4 Nf6 46. d6 Qxf4 47. c6 Qc1+ 48. Kh2 Qxc6 49. Kg1 Qd7 50. Qe5 Ng4 51. Qg3 Kg5 52. Qa3 f4 53. Bxe4 Ne3 54. Qc5+ Kg4 0-1

[Event "Titled Tuesday intern op 01st Dec"]
[Site "Chess.com INT"]
[Date "2020.12.01"]
[Round "3"]
[White "Acor, Corey B"]
[Black "Akbarinia, Sayed Arash"]
[Result "1-0"]
[WhiteElo "2223"]
[BlackElo "2379"]
[PlyCount "99"]
[EventDate "2020.12.01"]
[EventType "swiss (blitz)"]
[EventRounds "11"]
[EventCountry "USA"]
[SourceTitle "CBM 199 Extra"]
[Source "ChessBase"]
[SourceDate "2021.01.31"]
[SourceVersion "1"]
[SourceVersionDate "2021.01.31"]
[SourceQuality "1"]

1. e4 c6 2. d3 d5 3. Nd2 g6 4. g3 Bg7 5. Bg2 Nf6 6. Ngf3 0-0 7. 0-0 Re8 8. e5 Nfd7 9. d4 Nf8 10. c3 c5 11. dxc5 Nc6 12. Re1 a5 13. Nb3 Ne6 14. Ng5 a4 15. Nxe6 Bxe6 16. Nd4 Nxe5 17. Nxe6 fxe6 18. Bf4 Nd7 19. Rxe6 Nxc5 20. Re2 e6 21. Be5 Nd7 22. Bxg7 Kxg7 23. Qd4+ Qf6 24. Rae1 Qxd4 25. cxd4 Kf7 26. Rc1 Rec8 27. Rec2 Rxc2 28. Rxc2 Ke7 29. Bf1 Kd6 30. Bb5 Ra5 31. Bd3 a3 32. b3 Ra8 33. f3 Nb6 34. Kf2 Rc8 35. Ke3 Rxc2 36. Bxc2 Nd7 37. Kf4 b5 38. Kg5 e5 39. Kh6 exd4 40. Kxh7 Ne5 41. f4 Nf3 42. Bd1 Ne1 43. Kxg6 Nd3 44. h4 Nc1 45. h5 Nxa2 46. h6 Nb4 47. h7 a2 48. h8Q a1Q 49. Qf8+ Kc6 50. Bf3 1-0

[Event "Titled Tuesday intern op 01st Dec"]
[Site "Chess.com INT"]
[Date "2020.12.01"]
[Round "11"]
[White "Akbarinia, Sayed Arash"]
[Black "Pantzar, Milton"]
[Result "1/2-1/2"]
[WhiteElo "2379"]
[BlackElo "2421"]
[PlyCount "103"]
[EventDate "2020.12.01"]
[EventType "swiss (blitz)"]
[EventRounds "11"]
[EventCountry "USA"]
[SourceTitle "CBM 199 Extra"]
[Source "ChessBase"]
[SourceDate "2021.01.31"]
[SourceVersion "1"]
[SourceVersionDate "2021.01.31"]
[SourceQuality "1"]

1. Nf3 d5 2. c4 e6 3. d4 c5 4. cxd5 exd5 5. g3 Nf6 6. Bg2 Nc6 7. 0-0 Be7 8. dxc5 Bxc5 9. a3 Ne4 10. Nbd2 0-0 11. Nb3 Be7 12. Nbd4 h5 13. Be3 h4 14. Nxc6 bxc6 15. Rc1 Bd7 16. Ne5 Nf6 17. Nxc6 Bxc6 18. Rxc6 Qd7 19. Rc2 h3 20. Bf3 Rfd8 21. Qd4 a5 22. Rd1 Qe6 23. Qb6 Rd6 24. Qb7 Rad8 25. Bc5 R6d7 26. Qb5 Bxc5 27. Qxc5 Ne4 28. Qxa5 d4 29. Qe1 Ng5 30. Qf1 Nxf3+ 31. exf3 d3 32. Rcd2 Qf5 33. Re1 Rc7 34. Re3 Rc2 35. Rdxd3 Rxd3 36. Rxd3 Rxb2 37. g4 Qf6 38. Qxh3 Ra2 39. Qh5 g6 40. Qd5 Kg7 41. Kg2 Qb2 42. Qd6 Qxf2+ 43. Kh3 Qf1+ 44. Kg3 Qe1+ 45. Kf4 Qf1 46. Qe5+ Kh7 47. Qf6 Qxd3 48. Qxf7+ Kh8 49. Qf8+ Kh7 50. Qf7+ Kh8 51. Qf8+ Kh7 52. Qf7+ 1/2-1/2

[Event "Titled Tuesday intern op 01st Dec"]
[Site "Chess.com INT"]
[Date "2020.12.01"]
[Round "10"]
[White "Yeletsky, Ivan"]
[Black "Akbarinia, Sayed Arash"]
[Result "1/2-1/2"]
[WhiteElo "2448"]
[BlackElo "2379"]
[PlyCount "61"]
[EventDate "2020.12.01"]
[EventType "swiss (blitz)"]
[EventRounds "11"]
[EventCountry "USA"]
[SourceTitle "CBM 199 Extra"]
[Source "ChessBase"]
[SourceDate "2021.01.31"]
[SourceVersion "1"]
[SourceVersionDate "2021.01.31"]
[SourceQuality "1"]

1. e4 c6 2. d4 d5 3. exd5 cxd5 4. Bd3 Nf6 5. c3 Nc6 6. Bf4 g6 7. Nf3 Bg7 8. Nbd2 0-0 9. 0-0 Bf5 10. Bxf5 gxf5 11. Re1 e6 12. Ne5 Nxe5 13. Bxe5 Ne4 14. Bxg7 Kxg7 15. Nf1 Qg5 16. f3 Nd6 17. Qd2 h6 18. Qf2 Rg8 19. a4 Kh7 20. Nd2 Rg6 21. f4 Qg4 22. Qf3 Qh4 23. Qf2 Qf6 24. Re2 Rag8 25. Qf1 Ne4 26. Qf3 Qh4 27. Rf1 Rxg2+ 28. Qxg2 Rxg2+ 29. Rxg2 Qh3 30. Rf3 Qh5 31. Rf1 1/2-1/2

[Event "Titled Tuesday intern op 24th Nov"]
[Site "Chess.com INT"]
[Date "2020.11.24"]
[Round "4"]
[White "Ismayil, Malak"]
[Black "Akbarinia, Sayed Arash"]
[Result "1-0"]
[WhiteElo "1997"]
[BlackElo "2379"]
[PlyCount "123"]
[EventDate "2020.11.24"]
[EventType "swiss (blitz)"]
[EventRounds "11"]
[EventCountry "USA"]
[SourceTitle "CBM 199 Extra"]
[Source "ChessBase"]
[SourceDate "2021.01.31"]
[SourceVersion "1"]
[SourceVersionDate "2021.01.31"]
[SourceQuality "1"]

1. e4 c6 2. d4 d5 3. exd5 cxd5 4. Bd3 Nf6 5. c3 Nc6 6. h3 g6 7. Nf3 Bg7 8. 0-0 0-0 9. Bb5 Ne4 10. Nbd2 Nd6 11. Bxc6 bxc6 12. Re1 Qc7 13. Nb3 Ne4 14. Nfd2 f5 15. Nxe4 fxe4 16. Nc5 e5 17. Be3 Qf7 18. Qd2 h6 19. Rad1 g5 20. c4 g4 21. h4 Bf5 22. Bxh6 Bg6 23. Bxg7 Kxg7 24. dxe5 Rad8 25. e6 Qf6 26. Qd4 dxc4 27. Qxf6+ Kxf6 28. Nd7+ Kxe6 29. Nxf8+ Rxf8 30. Rd4 Rb8 31. Re2 Rb4 32. a3 Ke5 33. Red2 Rb3 34. Rxc4 Bf7 35. Rc5+ Bd5 36. Rc3 Rb8 37. b4 Rh8 38. g3 Ra8 39. Rc5 a6 40. Kf1 Rf8 41. Re2 Kd4 42. Rd2+ Ke5 43. Rc3 Ra8 44. Rc5 Ra7 45. Rdc2 Rb7 46. Ke2 Rf7 47. Rxc6 Bxc6 48. Rxc6 Kd4 49. Rxa6 Rc7 50. Kd2 Rf7 51. Ke2 Rc7 52. Rd6+ Ke5 53. Rd2 Rc3 54. Ra2 Rb3 55. h5 e3 56. fxe3 Ke4 57. Kf2 Rxe3 58. Re2 Rxe2+ 59. Kxe2 Kf5 60. b5 Kg5 61. b6 Kxh5 62. b7 1-0

[Event "Titled Tuesday intern op 24th Nov"]
[Site "Chess.com INT"]
[Date "2020.11.24"]
[Round "2"]
[White "Sarkar, Justin"]
[Black "Akbarinia, Sayed Arash"]
[Result "1-0"]
[WhiteElo "2374"]
[BlackElo "2379"]
[PlyCount "71"]
[EventDate "2020.11.24"]
[EventType "swiss (blitz)"]
[EventRounds "11"]
[EventCountry "USA"]
[SourceTitle "CBM 199 Extra"]
[Source "ChessBase"]
[SourceDate "2021.01.31"]
[SourceVersion "1"]
[SourceVersionDate "2021.01.31"]
[SourceQuality "1"]

1. e4 c6 2. d4 d5 3. e5 Bf5 4. g4 Bc8 5. Be3 h5 6. gxh5 Bf5 7. Nc3 e6 8. Nge2 Bg4 9. Qd2 Rxh5 10. Ng3 Rh8 11. Be2 Bxe2 12. Ncxe2 Nd7 13. 0-0-0 Qb6 14. f4 g6 15. h4 0-0-0 16. h5 gxh5 17. Nxh5 Ne7 18. Neg3 Kb8 19. Nf6 Rxh1 20. Nxd7+ Rxd7 21. Rxh1 Rd8 22. Rh7 Qa6 23. Kb1 Nf5 24. Nxf5 exf5 25. Rxf7 Qf1+ 26. Qc1 Qe2 27. Rxf5 Bb4 28. a3 Be1 29. Rf7 Rh8 30. e6 Bh4 31. f5 Re8 32. Qd2 Qg4 33. Ka2 b6 34. Bf4+ Ka8 35. Bd6 Bd8 36. e7 1-0